| 000 | 00961nam a22002297a 4500 | ||
|---|---|---|---|
| 999 |
_c4475 _d4475 |
||
| 003 | AR-CdUCM | ||
| 008 | 190308b ||||| |||| 00| 0 spa d | ||
| 020 | _a84-7367-097-3 | ||
| 040 |
_aMUNICIPALIDAD PROVINCIAL DEL CUSCO _cBIBLIOTECA MUNICIPAL DEL CUSCO |
||
| 082 |
_a396 / _bR46 |
||
| 110 |
_aDocumento IV Internacional. _914058 |
||
| 245 | _aLa revolución socialista y la lucha por la liberación de las mujeres | ||
| 260 |
_aBarcelona : _bFontamara, _c1979. |
||
| 300 |
_a122 paginas ; _c16 cm. |
||
| 440 |
_aColección aportes _n15 _914059 |
||
| 505 | _aContenido : El carácter de la opresión de la mujer -- El nuevo auge de las luchas de la mujer origen y naturaleza de la opresión de la mujer -- Raíces de la nueva radicalización de las mujeres ... | ||
| 650 |
_aFeminismo _94003 |
||
| 650 |
_aLa lucha de la mujer peruana _914060 |
||
| 650 |
_aLa revolución socialista de la mujer en el Perú _914061 |
||
| 942 |
_2ddc _cLIBROS |
||
| 945 | _arah | ||